| 000 | 00872pam a2200277 a 4500 | ||
|---|---|---|---|
| 001 | 2315194 | ||
| 003 | ARRUPE | ||
| 005 | 20160406123937.0 | ||
| 008 | 810916s1982 nyuach 001 0 eng | ||
| 010 | _a 81015181 | ||
| 020 | _a0517545764 | ||
| 040 |
_aDLC _cDLC _dDLC |
||
| 050 | 0 | 0 |
_aPN6161 _b.R66435 1982 |
| 082 | 0 | 0 |
_a814/.52 _219 |
| 100 | 1 |
_aRogers, Will, _d1879-1935. _923582 |
|
| 245 | 1 | 2 |
_aA Will Rogers treasury : _breflections and observations / _ccompiled and edited by Bryan B. Sterling and Frances N. Sterling. |
| 250 | _a1st ed. | ||
| 260 |
_aNew York : _bCrown Publishers, _cc1982. |
||
| 300 |
_ax, 276 p.; _c24 cm. |
||
| 500 | _a"A Lou Reda book." | ||
| 500 | _aIncludes index. | ||
| 700 | 1 |
_aSterling, Bryan B. _923583 |
|
| 700 | 1 |
_aSterling, Frances N. _923584 |
|
| 906 |
_a7 _bcbc _corignew _d1 _eocip _f19 _gy-gencatlg |
||
| 942 |
_2lcc _cMONOGRAPH |
||
| 999 |
_c124538 _d124538 |
||